| 000 | 00000nam##2200000za#4500 |
| 001 | 9.618349 |
| 003 | CaOODSP |
| 005 | 20210615102752 |
| 007 | ta |
| 008 | 150406|2007||||xxc||||| f|0| 0 eng|d |
| 022 | |a0706-6457 |
| 040 | |aCaOODSP|beng |
| 043 | |an-cn--- |
| 086 | 1 |aFs97-6/2703E |
| 110 | 1 |aCanada. |bDepartment of Fisheries and Oceans. |
| 245 | 10|aUse of a water circulation model to predict the movements of phytoplankton blooms affecting salmon farms in the Grand Manan area, southwestern New Brunswick / |cby B.D. Chang ... [et al.] |
| 260 | |aSt. Andrews - New Brunswick : |bFisheries and Oceans Canada |c2007. |
| 300 | |aiii, 64p. : |billus., maps, references, tables ; |c28 cm. |
| 490 | 1 |aCanadian technical report of fisheries and aquatic sciences|x0706-6457|vNo. 2703 |
| 500 | |a"Science Branch, Maritimes Region, Fisheries and Oceans Canada, Biological Station, 531 Brandy Cove Road, St. Andrews, NB E5B 2L9". |
| 520 | 3 |aThis report is part of a series containing scientific and technical information that widens existing scientific knowledge but is not considered appropriate for publication in the primary literature. The research covers such subjects as ecosystem models, methods for enhancing aquaculture, commercial fishing equipment, and environmental threats to aquatic quality and fisheries resources. Includes tables, graphs, and charts. |
| 546 | |a(Résumé en français.) |
| 563 | |aSoftcover |
| 590 | |a07-23|b2007-06-08 |
| 720 | 1 |aChang, B. |
| 776 | 0#|tUse of a water circulation model to predict the movement of phytoplankton blooms affecting salmon farms in the Grand Manan Island area, southwestern New Brunswick / |w(CaOODSP)9.574240 |
| 830 | #0|aCanadian technical report of fisheries and aquatic sciences,|x0706-6457|vNo. 2703|w(CaOODSP)9.514691 |